00490nam a2200157 450000500170000001000140001702000260003103500170005703700150007408200140008910000240010324500800012726000370020727000630024430000250030720180116152134.0 a1718EN-30 a9788178244594c795.00 aB-682815-818 bAakaradpl a304.20954 aRangarajan, Mahesh  aNature and nation:cby Mahesh Rangarajanbessays on environmental history / aNew DelhibPermanent Blackc2016 aHimalayana, Mall Road, Ranikhet Cantt. bRanikhet e263645 axiii,346p.b21cm(Hb)